Detalles MARC
| 000 -LEADER |
| fixed length control field |
01287nam a2200301 a 4500 |
| 001 - CONTROL NUMBER |
| control field |
000015165 |
| 003 - CONTROL NUMBER IDENTIFIER |
| control field |
DO-SdBNP |
| 005 - DATE AND TIME OF LATEST TRANSACTION |
| control field |
20220628095102.0 |
| 008 - FIXED-LENGTH DATA ELEMENTS--GENERAL INFORMATION |
| fixed length control field |
100202s2000 dr ac r 001 0bspa d |
| 020 ## - INTERNATIONAL STANDARD BOOK NUMBER |
| International Standard Book Number |
999343003X |
| 040 ## - CATALOGING SOURCE |
| Original cataloging agency |
DO-SdBNP |
| Language of cataloging |
spa |
| Transcribing agency |
BPMSU |
| 082 ## - DEWEY DECIMAL CLASSIFICATION NUMBER |
| Classification number |
927.597293 |
| Item number |
A516x 2000 |
| Edition number |
22 |
| 100 1# - MAIN ENTRY--PERSONAL NAME |
| Personal name |
Amiama de Castro, Octavio |
| 245 10 - TITLE STATEMENT |
| Title |
Xavier Amiama, pintor de la noche de Haití : |
| Remainder of title |
biografía novelada / |
| Statement of responsibility, etc. |
Octavio Amiama de Castro. |
| 260 ## - PUBLICATION, DISTRIBUTION, ETC. (IMPRINT) |
| Place of publication, distribution, etc. |
Santo Domingo : |
| Name of publisher, distributor, etc. |
Banco Central, |
| Date of publication, distribution, etc. |
2000. |
| 300 ## - PHYSICAL DESCRIPTION |
| Extent |
194 p. : |
| Other physical details |
il., retrs. ; |
| Dimensions |
24 cm. |
| 490 0# - SERIES STATEMENT |
| Series statement |
Banco Central de la República Dominicana |
| 504 ## - BIBLIOGRAPHY, ETC. NOTE |
| Bibliography, etc |
Bibliografía : p. 167-171. |
| 505 0# - FORMATTED CONTENTS NOTE |
| Miscellaneous information |
Introducción -- |
| Title |
I: Antecedentes -- |
| -- |
II: Cuba, la primera bandera -- |
| -- |
III: La segunda bandera -- |
| -- |
IV: La tercera bandera -- |
| -- |
Hermanos de Xavier -- |
| -- |
Declaraciones del Sr. George Nader -- |
| -- |
Juicio acerca de Xavier como artista -- |
| -- |
Clave de notas y bibliografía -- |
| -- |
Fotos. |
| 590 ## - LOCAL NOTE (RLIN) |
| Local note |
Inventariado,2022/VM |
| 600 14 - SUBJECT ADDED ENTRY--PERSONAL NAME |
| Personal name |
Amiama Quesada, Xavier |
| Dates associated with a name |
1910-1969 |
| Form subdivision |
Biografías |
| 650 #4 - SUBJECT ADDED ENTRY--TOPICAL TERM |
| Topical term or geographic name as entry element |
Pintores dominicanos |
| General subdivision |
Biografías |
| 650 #4 - SUBJECT ADDED ENTRY--TOPICAL TERM |
| Topical term or geographic name as entry element |
Pintura dominicana |
| General subdivision |
Historia |
| 650 #4 - SUBJECT ADDED ENTRY--TOPICAL TERM |
| Topical term or geographic name as entry element |
Pintura caribeña |
| General subdivision |
Historia |
| 710 2# - ADDED ENTRY--CORPORATE NAME |
| Corporate name or jurisdiction name as entry element |
Banco Central de la República Dominicana |
| 910 ## - USER-OPTION DATA (OCLC) |
| User-option data |
VMateo V. |
| 942 ## - ADDED ENTRY ELEMENTS (KOHA) |
| Source of classification or shelving scheme |
Dewey Decimal Classification |
| Koha item type |
Libros |